Capital cities beginning with P - Statistics

General Stats
  • This quiz has been taken 107 times
  • The average score is 13 of 17
Answer Stats
Answer % Correct
Paris
95%
Panama City
83%
Port au Prince
83%
Port Moresby
82%
Port of Spain
81%
Prague
81%
Pyongyang
80%
Podgorica
78%
Pristina
77%
Phnom Penh
76%
Port Louis
73%
Porto Novo
69%
Palikir
68%
Paramaribo
67%
Pretoria
67%
Port Vila
66%
Praia
66%
No matching quizzes found
Score Distribution
Percent of People with Each Score
Percentile by Number Answered
Your Score History
You have not taken this quiz